Traité d'embryologie ou Histoire du développment de l'homme et des vertébrés / (Record no. 155386)

MARC details
000 -LEADER
campo de control de longitud fija 00773nam a22001935i 4500
001 - NÚMERO DE CONTROL
campo de control 155386
003 - IDENTIFICADOR DE NÚMERO DE CONTROL
campo de control ES-MaACL
005 - FECHA Y HORA DE LA ÚLTIMA TRANSACCIÓN
campo de control 20250720013020.0
008 - DATOS DE LONGITUD FIJA--INFORMACIÓN GENERAL
campo de control de longitud fija 040722s1891 fr a |||| | fre d
040 ## - FUENTE DE CATALOGACIÓN
Centro catalogador/agencia de origen CAM
Lengua de catalogación spa
Centro/agencia transcriptor CAM
100 1# - ENTRADA PRINCIPAL--NOMBRE DE PERSONA
Nombre de persona Hertwig, Oscar.
9 (RLIN) 127941
245 10 - MENCIÓN DEL TÍTULO
Título Traité d'embryologie ou Histoire du développment de l'homme et des vertébrés /
Mención de responsabilidad, etc. par Oscar Hertwig; traduit sur la troisième édition allemande par Charles Julin.
260 ## - PUBLICACIÓN, DISTRIBUCIÓN, ETC.
Lugar de publicación, distribución, etc. Paris :
Nombre del editor, distribuidor, etc. C. Reinwald & c\pie\s libraires-éditeurs,
Fecha de publicación, distribución, etc. 1891 (
Fabricante Typ. Paul Schmidt)
300 ## - DESCRIPCIÓN FÍSICA
Extensión XIV, 601 p. :
Otras características físicas il. ;
Dimensiones 25 cm.
650 #7 - PUNTO DE ACCESO ADICIONAL DE MATERIA--TÉRMINO DE MATERIA
Término de materia o nombre geográfico como elemento de entrada Embriología
Fuente del encabezamiento o término embne
9 (RLIN) 135971
700 11 - ENTRADA AGREGADA--NOMBRE PERSONAL
Nombre de persona Julin, Charles,
Término indicativo de función/relación
9 (RLIN) 128392
852 ## - LOCALIZACIÓN
Ubicación ES-MaACL
Número de control de estantería G-10808
Nota libre -- Enc. pasta española
Holdings
Estatus retirado Estado de pérdida Estado de daño No para préstamo Colección Biblioteca de origen Biblioteca actual Ubicación en estantería Fecha de adquisición Fuente de adquisición Total de préstamos Signatura topográfica completa Código de barras Visto por última vez Precio de reemplazo Tipo de ítem Koha
        Libros del s. XIX Biblioteca del Ateneo de Madrid Biblioteca del Ateneo de Madrid Sala Pecera Planta 3 17/01/2008     G-10808 1162539 23/02/2023 23/02/2023 Libro impreso antiguo